000 00652nam a2200265Ia 4500
005 20260324152725.0
008 008 260324s9999 xx 000 0 eng d
020 _a9780123964519
037 _aEBOOK
040 _aCRL
040 _beng
040 _cCRL
041 _2eng
041 _aeng
084 _qCRL
100 _aShroder, J.F. Jr.
_91229581
245 0 _aHazards, Risks and, Disasters in Society
260 _bElsevier
260 _c2014
650 _aEarth and Planetary Sciences
856 _uhttps://www.sciencedirect.com/science/book/9780123964519
942 _cEBOOK
999 _c1840396
_d1840396